| 000 | 00506nam a2200169Ia 4500 | ||
|---|---|---|---|
| 999 |
_c21706 _d21706 |
||
| 003 | OSt | ||
| 005 | 20200617150137.0 | ||
| 008 | 190216s9999||||xx |||||||||||||| ||und|| | ||
| 020 | _a9788178243870 | ||
| 040 | _coclc | ||
| 082 |
_a954.035 _bGOP/I |
||
| 100 |
_aGopal, Sarvepalli _93020 |
||
| 245 | 0 |
_aImperialists, Nationalists, Democrats / _cSarvepalli Gopal |
|
| 260 |
_bPermanent Black, _c2014. _aNew Delhi: |
||
| 300 | _a431p | ||
| 942 |
_cBK _2ddc _h954.035 _iGOP/I _k954.035 _mGOP/I |
||